Converting old buildings into new homes (Record no. 103820)

MARC details
000 -LEADER
fixed length control field 01258cam a2200277 4500
008 - FIXED-LENGTH DATA ELEMENTS--GENERAL INFORMATION
fixed length control field 041019n2004 000 0 eng u
020 ## - INTERNATIONAL STANDARD BOOK NUMBER
International Standard Book Number 1861266014
035 ## - SYSTEM CONTROL NUMBER
System control number (Sirsi) u127750
041 ## - LANGUAGE CODE
Language code of text/sound track or separate title eng
050 ## - LIBRARY OF CONGRESS CALL NUMBER
Classification number 690.231
-- 18
100 ## - MAIN ENTRY--PERSONAL NAME
Personal name Davies, Barry
245 ## - TITLE STATEMENT
Title Converting old buildings into new homes
260 ## - PUBLICATION, DISTRIBUTION, ETC.
Place of publication, distribution, etc. Marlborough
Name of publisher, distributor, etc. Crowood
Date of publication, distribution, etc. 2004
300 ## - PHYSICAL DESCRIPTION
Extent 192p.
Other physical details ill.
Dimensions 26cm.
350 ## - PRICE (NR) (BK AM CF MU VM SE) [OBSOLETE]
Price 16.99
520 ## - SUMMARY, ETC.
Summary, etc. Aimed at the lay person and property professionals, this book examines all aspects of converting redundant property. Discusses: initial considerations; regulations and approvals, including planning permission, consent and Building Regulations; finance, budgeting and taxation; professional help and advice from surveyors, architects and engineers; the design brief; detailed design of specifics; specifications, tenders and contracts; and project planning, administration and operations on site. Concludes with five case studies.
650 ## - SUBJECT ADDED ENTRY--TOPICAL TERM
Topical term or geographic name entry element BUILDING CONVERSIONS
650 ## - SUBJECT ADDED ENTRY--TOPICAL TERM
Topical term or geographic name entry element EMPTY PROPERTY
650 ## - SUBJECT ADDED ENTRY--TOPICAL TERM
Topical term or geographic name entry element BUILDING ALTERATIONS
650 ## - SUBJECT ADDED ENTRY--TOPICAL TERM
Topical term or geographic name entry element BUILT ENVIRONMENT-BUILDING MAINTENANCE AND REFURBISHMENT
650 ## - SUBJECT ADDED ENTRY--TOPICAL TERM
Topical term or geographic name entry element RESIDENTIAL USE
690 ## - LOCAL SUBJECT ADDED ENTRY--TOPICAL TERM (OCLC, RLIN)
Topical term or geographic name as entry element Refurbishment
9 (RLIN) 6264
700 ## - ADDED ENTRY--PERSONAL NAME
Personal name Begg, Nigel
942 ## - ADDED ENTRY ELEMENTS (KOHA)
Suppress in OPAC 0
Holdings
Withdrawn status Lost status Source of classification or shelving scheme Damaged status Not for loan Home library Current library Shelving location Date acquired Cost, normal purchase price Total Checkouts Full call number Barcode Date last seen Date last checked out Copy number Cost, replacement price Price effective from Koha item type
    Other/Generic Classification Scheme     London London Books 01/11/2004 14.44 8 690.231 DAV 30069663 06/08/2019 09/10/2006 1 14.44 06/08/2019 Book